000 00639nam a2200217Ii 4500
003 JO-AjNU
008 230606s9999||||xx |||||||||||||| ||und||
020 _a978-0-471-38228-0
040 _aJO-AjNU
_beng
_erda
_cJO-AjNU
041 _aeng
050 1 4 _aHF5635.W5244.2002
100 3 _aWeygandt,Kieso, Donald E. Kieso, Paul D. Kimmel,
_eauthor
_96841
245 0 0 _aAccounting Principles
250 _a6ed
264 3 1 _aNew York: John Wiley and Sons,2002
300 _a1138p
336 _atext
_btxt
_2rdacontent
337 _aunmediated
_bn
_2rdamedia
338 _avolume
_bnc
_2rdacarrier
650 4 _aAccounting Principles
_96842
999 _aE3570
_c3545
_d3545